Atlas dos animais (Registo nº 602)

Detalhes MARC
000 -Etiqueta do registo
Cabeçalho 00592nam0a22002651 4500
005 - Identificador da versão
Campo de controlo 20240813121807.0
010 ## - Número internacional normalizado dos livros (ISBN)
Número (ISBN) 2215.061.38.3
021 ## - Número do Depósito Legal
Código do país PT
Número 114781/97
035 ## - Other System Control Numbers
System Control Number 0000627
System Control Number 0000623
System Control Number 0000623
System Control Number 0000613
100 ## - Dados gerais de processamento
Dados gerais de processamento 20051017d a e0pory5003 ba
102 ## - Pais de publicação ou produção
País de publicação Portugal
101 1# - Língua de publicação
Língua do texto, banda sonora, etc. Português
Língua do documento no original Francês
106 ## - Campo de dados codificados: material textual
Dados codificados do material textual r
105 ## - Campo de dados codificados: livros
Dados codificados dos livros y z 001yy
215 ## - Descrição física 
Indicação específica da natureza do documento e extensão da espécie p. 45
Dimensões cm
200 1# - Titulo e menção de responsabilidade
Título próprio Atlas dos animais
Primeira menção de responsabilidade Laure Cambournac
205 ## - Menção da edição
Menção da edição 1ª edição
210 ## - Publicação, Distribuição, etc. 
Lugar da edição, distribuição, etc. Lisboa
Nome do editor, distribuidor, etc. Fleurus
Data da publicação, distribuição, etc. 2003
942 ## - Elementos de entrada adicionados (Koha)
Tipo de item no Koha Livro
Exemplares
Situação do levantamento Origin of item (home branch) (coded) Biblioteca de empréstimo Código de barras Circulation type (not for loan) Tipo de documento Nota do exemplar Damaged status
  Biblioteca Escolar Eng. Nuno Mergulhão Biblioteca Escolar Eng. Nuno Mergulhão BENM965   Cativo Sem mensagem